Some paramara temples from Madhya Pradesh : (Record no. 101172)

MARC details
000 -LEADER
fixed length control field 00659nam a22001937a 4500
005 - DATE AND TIME OF LATEST TRANSACTION
control field 20160712103434.0
010 ## - LCCN (DPL NO)
LC control number ENG-115379
020 ## - INTERNATIONAL STANDARD BOOK NUMBER
International Standard Book Number 9789380574608
Terms of availability 1500.00
035 ## - SYSTEM CONTROL NUMBER
System control number EN-98911
037 ## - SOURCE OF ACQUISITION
Source of stock number/acquisition DBAD/PUB
082 ## - DEWEY DECIMAL CLASSIFICATION NUMBER
Classification number 726.14509543
100 ## - MAIN ENTRY--PERSONAL NAME
Personal name Adhikari,Swati Mondal
245 ## - TITLE STATEMENT
Title Some paramara temples from Madhya Pradesh :
Remainder of title a case study of viilage un /
Statement of responsibility, etc Swati Mondal Adhikari
260 ## - PUBLICATION, DISTRIBUTION, ETC. (IMPRINT)
Place of publication, distribution, etc Delhi
Name of publisher, distributor, etc Bookwell
Date of publication, distribution, etc 2014
270 ## - ADDRESS
Address 3/79,Nirankari Colony
City Delhi
Postal code 110009
300 ## - PHYSICAL DESCRIPTION
Extent 158p. :
Other physical details ill.(map and figures)
Dimensions 27cm(Hb)
500 ## - GENERAL NOTE
General note Includes glossary and bibliographical references
942 ## - ADDED ENTRY ELEMENTS (KOHA)
Source of classification or shelving scheme Dewey Decimal Classification
Item type English Books
Classification part 726.14509543
Call number suffix ADH
Holdings
Withdrawn status Lost status Not for loan Collection code Home library Current library Date acquired Cost, normal purchase price Full call number Barcode Copy number Koha item type
    Not For Loan Non-fiction D.B.Act.Division Bawana 12/07/2016 1500.00 726.14509543 ADH EN-98911 1 English Books

© Delhi Public Library
Hit Counter
free hit counter